Energy efficiency (Record no. 117758)

MARC details
000 -LEADER
fixed length control field 01177cam a2200229 4500
001 - CONTROL NUMBER
control field WB@3612-281
008 - FIXED-LENGTH DATA ELEMENTS--GENERAL INFORMATION
fixed length control field 040722n2004 000 0 eng u
035 ## - SYSTEM CONTROL NUMBER
System control number (Sirsi) u126907
245 ## - TITLE STATEMENT
Title Energy efficiency
260 ## - PUBLICATION, DISTRIBUTION, ETC.
Date of publication, distribution, etc. 2004
490 ## - SERIES STATEMENT
Series statement ODPM News Release
Volume/sequential designation (2004/0175) 21 July 2004 (3)
520 ## - SUMMARY, ETC.
Summary, etc. A proposed shake-up of building regulations that could come into force by 2005 has been put forward by the ODPM. The new controls would be aimed at reducing the energy consumption of new buildings by 25% and implementing the Energy performance of buildings directive (2002/91/EC). Currently energy used in buildings is responsible for roughly half the UK's carbon dioxide emissions. Further information on the consultation can be found at: http://www.odpm.gov.uk/stellent/groups/odpm_contro l/documents/contentservertemplate/odpm_index.hcst? n=168&l=1. http://www.odpm.gov.uk/pns/DisplayPN.cgi?pn_id=200 4_0175
590 ## - LOCAL NOTE (RLIN)
Local note WB
590 ## - LOCAL NOTE (RLIN)
Local note WB
650 ## - SUBJECT ADDED ENTRY--TOPICAL TERM
Topical term or geographic name entry element NEW BUILDINGS
650 ## - SUBJECT ADDED ENTRY--TOPICAL TERM
Topical term or geographic name entry element ENERGY PERFORMANCE
650 ## - SUBJECT ADDED ENTRY--TOPICAL TERM
Topical term or geographic name entry element BUILDING REGULATIONS
9 (RLIN) 6224
650 ## - SUBJECT ADDED ENTRY--TOPICAL TERM
Topical term or geographic name entry element ENERGY SAVING
650 ## - SUBJECT ADDED ENTRY--TOPICAL TERM
Topical term or geographic name entry element DIRECTIVE 2002/91/EC
690 ## - LOCAL SUBJECT ADDED ENTRY--TOPICAL TERM (OCLC, RLIN)
Topical term or geographic name as entry element ENERGY-EFFICIENCY
942 ## - ADDED ENTRY ELEMENTS (KOHA)
Suppress in OPAC 0
Holdings
Withdrawn status Lost status Source of classification or shelving scheme Damaged status Not for loan Home library Current library Shelving location Date acquired Total Checkouts Full call number Barcode Date last seen Copy number Price effective from Koha item type
    Dewey Decimal Classification     London London News article 22/07/2004   WB4028-06 126907-1001 06/08/2019 1 06/08/2019 News article